000 00696nam a2200241 a 4500
001 19511
003 CO-ViMGA
008 141112s2004 ck r 000 u spa d
020 _a9706077804
040 _aCO-ViMGA
_bspa
_cCO-ViMGA
082 0 4 _a387.2 Gt14b
100 1 _aGraham, Ian
_93130
245 1 0 _aBotes, buques, submarinos y otras maquinas flotantes
260 _aMexico :
_bMega ediciones; 1998
300 _a40 p.
490 _aComo Funcionan?
590 _aForma de adquisición : Donacion libreria temas y libros - - Precio :
650 1 4 _aBARCOS
_911656
650 1 4 _aBOTES
_911657
650 1 4 _aNAVEGACION - MANUALES
_911659
650 1 4 _aSUBMARINOS
_911658
942 _2ddc
_cBK
999 _c28651
_d28651